Countries with the most people named Omer - Statistics

General Stats
  • This quiz has been taken 11 times
  • The average score is 9 of 18
Answer Stats
Hint Answer % Correct
11k Egypt
80%
4.9k India
80%
20k Pakistan
80%
7k United States
80%
8.7k Bangladesh
60%
3.7k Canada
60%
29k Eritrea
60%
73k Ethiopia
60%
2.8k France
60%
9.3k Libya
60%
431k Sudan
60%
34k DR Congo
40%
25k Israel
40%
4.7k Belgium
20%
4.3k Qatar
20%
18k Somaliland
20%
9.4k Bosnia and Herzegovina
0%
5.8k Burundi
0%
No matching quizzes found
Score Distribution
Percent of People with Each Score
Percentile by Number Answered
Your Score History
You have not taken this quiz